000 00198 a2200097 4500
020 _a9780778785132
041 _aspa
100 _aKalman, Bobbie
245 _aInsectos utiles y daì¨nos
942 _cBK
999 _c30102
_d30100